Strategic management / (Record no. 3918)

MARC details
000 -LEADER
fixed length control field 01022nac a22002531u 4500
010 ## - LIBRARY OF CONGRESS CONTROL NUMBER
LC control number 95036996
020 ## - INTERNATIONAL STANDARD BOOK NUMBER
International Standard Book Number 0070427917 (acid-free paper)
022 ## - INTERNATIONAL STANDARD SERIAL NUMBER
International Standard Serial Number 0071145060
082 00 - DEWEY DECIMAL CLASSIFICATION NUMBER
Classification number 658.4012
Item number M6121
090 ## - LOCALLY ASSIGNED LC-TYPE CALL NUMBER (OCLC); LOCAL CALL NUMBER (OCLC)
-- 3918
-- 3918
100 ## - MAIN ENTRY--PERSONAL NAME
Personal name Miller, Alex,
245 10 - TITLE STATEMENT
Title Strategic management /
Statement of responsibility, etc Alex Miller, Gregory G. Dess.
250 ## - EDITION STATEMENT
Edition statement 2nd ed.
Remainder of edition statement International ed.
260 ## - PUBLICATION, DISTRIBUTION, ETC. (IMPRINT)
Place of publication, distribution, etc New York :
Name of publisher, distributor, etc McGraw-Hill,
Date of publication, distribution, etc c1996.
300 ## - PHYSICAL DESCRIPTION
Extent 1 v. (various pagings) :
Other physical details ill. (some col.), col. maps ;
Dimensions 24 cm.
440 #0 -
-- McGraw-Hill series in management
500 ## - GENERAL NOTE
General note Rev. and updated ed. of: Strategic management / Gregory G. Dess, Alex Miller. 1992.
504 ## - BIBLIOGRAPHY, ETC. NOTE
Bibliography, etc Includes bibliographical references and index.
650 #0 - SUBJECT ADDED ENTRY--TOPICAL TERM
Topical term or geographic name as entry element Strategic planning.
650 #0 - SUBJECT ADDED ENTRY--TOPICAL TERM
Topical term or geographic name as entry element Strategic planning
General subdivision Case studies.
700 1# - ADDED ENTRY--PERSONAL NAME
Personal name Dess, Gregory G.
942 ## - ADDED ENTRY ELEMENTS (KOHA)
Item type Book - Borrowing
Call number prefix 658.4012M6121
Holdings
Withdrawn status Item status Damaged status Not for loan Home library Current library Shelving location Date acquired Source of acquisition Total Checkouts Total Renewals Full call number Barcode Date last seen Date last borrowed Koha item type
        Central Library Central Library First floor 07/08/2006 Purchase 3 1 658.4012 MIL 000005031 15/07/2025 12/05/2022 Book - Borrowing